01607nam a2200349 c 4500003000900000005001700009008004100026020001800067040003800085041001300123080001100136082002300147100003000170240003700200245022400237250002200461264003600483300006400519336007500583337003300658500001300691504002700704505036400731526000901095526000901104526000801113526000801121526000801129650003401137700004301171700004301214PE-LiUPU20250731183446.0170127s2017 sp a 001 0 spa  a9788416504671 aUALbspacPE-LiUPUerdcdPE-LiUPU1 aspaheng a72.012 223a720.284bM478d1 aMcMorrough, Juliaeautor.10aDrawing or ArchitectslEspañol10aDibujo para arquitectos :bcómo usar la ilustración para explorar conceptos, definir elementos y diseñar edificios con eficacia /cJulia McMorrough ; [traducción, Jesús de Cos Pinto y Alicia Misrahi Vallès]. aPrimera edición aBarcelona :bPromopress,c2017. a192 páginas :bilustraciones, planos ;c23 centímetros. aImagen (fija ; bidimensional ; visual).aTexto (visual) 2isbdcontent] asin mediación 2isbdmedia] aÍndice aBibliografía: p. 185 aTipos de proyecciones -- El dibujo en la historia -- Guía -- Plano -- Sección -- Alzado -- Axonométrica -- Oblicua -- Perspectiva -- Formatos estándar -- Los lenguajes del arquitecto -- Elaboración e interpretación -- Dibujo y producción digital -- Muestras gráficas -- Dibujar para diseñar -- Colaboraciones -- Créditos de la imágenes. aP158 aP146 aP17 aP12 aP0617aDibujo de arquitectura2embne1 aCos, Jesús ded1957-etraductor4trl1 aMisrahi, Aliciad1967-etraductor4trl